Hukum Islam terhadap jenayah Salman Rushdie
| Main Author: | |
|---|---|
| Format: | Book |
| Published: |
Kuala Lumpur :
As.Noordeen ,
1991
|
| Subjects: |
MARC
| LEADER | 00000cam a2200000 7i4500 | ||
|---|---|---|---|
| 001 | 0000004147 | ||
| 002 | 000004461 | ||
| 005 | 20000330.0 | ||
| 020 | |a 967996373X | ||
| 090 | 0 | 0 | |a 297.22 |b ALA |
| 100 | 0 | |a Ala'eddin Kharofa |f Prof.Dr | |
| 245 | 0 | 0 | |a Hukum Islam terhadap jenayah Salman Rushdie |c Prof.Dr.Ala'eddin Kharofa |
| 260 | |a Kuala Lumpur : |b As.Noordeen , |c 1991 | ||
| 300 | |a 183 p. ; |c 22 cm. | ||
| 600 | 0 | 0 | |a Salman Rushdia |
| 650 | 0 | 0 | |a Satanic verses |
| 999 | |a 033447 |b BUKU |c PINJAMAN |e PERPUSTAKAAN KOMUNITI PETALING JAYA | ||